000 00770cam a2200217 a 4500
001 000005732
005 20200929151749.0
008 980707s1990 cu abc b 001 0 spa d
040 _aDO-SdBNP
_cLCI
_dDLC
082 _a972.91064
_bF385l
100 1 _aFerrera Herrera, Alberto.
_916216
245 1 0 _aLucha Contra Piratas /
_cAlberto Ferrera Herrera.
260 _aLa Habana :
_bCapitán San Luis,
_c1990.
300 _a158 [15] p. :
_bil., maps., retrs. ;
_c18 cm.
490 1 _aAniversario de la revolucion 1990
504 _aBibliografías: p. 155-156.
610 2 0 _aLUCHA CONTRA PIRATAS (ORGANIZACIÓN)
_916217
651 0 _aCuba Historia
_xHistoria
_y1959-1990.
_916218
830 0 _aAniversario de la revolución 1990
_916219
910 _aCatalogación por copia / LC
999 _c5528
_d5528